Redistribution with growth : (Record no. 8579)
[ view plain ]
| 000 -LEADER | |
|---|---|
| fixed length control field | 01402nam a2200373 a 4500 |
| 001 - CONTROL NUMBER | |
| JCCL Control Number | 8579 |
| 003 - CONTROL NUMBER IDENTIFIER | |
| JCCL marc code | BD - JhCC |
| 005 - DATE AND TIME OF LATEST TRANSACTION | |
| control field | 20180227183805.0 |
| 008 - FIXED-LENGTH DATA ELEMENTS--GENERAL INFORMATION | |
| fixed length control field | 500101s1974 enka 000 0 eng d |
| 020 ## - INTERNATIONAL STANDARD BOOK NUMBER | |
| International Standard Book Number | 0199200696 |
| 020 ## - INTERNATIONAL STANDARD BOOK NUMBER | |
| International Standard Book Number | 019920070X (pbk.) |
| 035 ## - SYSTEM CONTROL NUMBER | |
| system control number | (BD - JhCC)8579 |
| 040 ## - CATALOGING SOURCE | |
| Original cataloging agency | BD-JhCC |
| Modifying agency | BD-JhCC |
| 041 ## - LANGUAGE CODE | |
| Language code of Book | eng |
| 050 ## - LIBRARY OF CONGRESS CALL NUMBER | |
| Classification number | HC59.7.R365 |
| 082 ## - DEWEY DECIMAL CLASSIFICATION NUMBER | |
| Classification number | 339.2/09172/4 |
| DDC Edition number | 18 |
| 082 ## - DEWEY DECIMAL CLASSIFICATION NUMBER | |
| Classification number | 339.2/09172/4 |
| DDC Edition number | 18 |
| Author mark and Year | RED 1974 |
| 245 00 - TITLE STATEMENT | |
| Title | Redistribution with growth : |
| Remainder of title | policies to improve income distribution in developing countries in the context of economic growth / |
| Statement of responsibility, etc | by Hollis Chenery, Montek S. Ahluwalia, C.L.G. Bell, John H. Duloy, Richard Jolly. |
| 260 ## - PUBLICATION, DISTRIBUTION, ETC. (IMPRINT) | |
| Place of publication, distribution, etc | Oxford University Press : |
| Name of publisher, distributor, etc | London, |
| Date of publication, distribution, etc | 1974. |
| 300 ## - PHYSICAL DESCRIPTION | |
| Pagination | xx, 304 p. : |
| Other physical details | ill. ; |
| Dimensions | 25 cm. |
| 500 ## - GENERAL NOTE | |
| General note | "A joint study by the World Bank's Development Research Center and the Institute of Development Studies, University of Sussex." |
| 504 ## - BIBLIOGRAPHY, ETC. NOTE | |
| Bibliography, etc | Bibliography: p.291-304. |
| 650 #0 - SUBJECT ADDED ENTRY--TOPICAL TERM | |
| Topical term or geographic name as entry element | Income distribution |
| General subdivision | Developing countries |
| -- | Congresses. |
| 651 #0 - SUBJECT ADDED ENTRY--GEOGRAPHIC NAME | |
| Geographic name | Developing countries |
| General subdivision | Economic policy |
| -- | Congresses |
| 700 1# - ADDED ENTRY--PERSONAL NAME | |
| Personal name | Chenery, Hollis Burnley. |
| 700 1# - ADDED ENTRY--PERSONAL NAME | |
| Personal name | Ahluwalia, Montek S. |
| 700 1# - ADDED ENTRY--PERSONAL NAME | |
| Personal name | Bell, C.L.G. |
| 700 1# - ADDED ENTRY--PERSONAL NAME | |
| Personal name | Duloy, John H., |
| Dates associated with a name | 1932- |
| 700 1# - ADDED ENTRY--PERSONAL NAME | |
| Personal name | Jolly, Richard. |
| 710 2# - ADDED ENTRY--CORPORATE NAME | |
| Corporate name or jurisdiction name as entry element | Institute of Development Studies (Brighton, England) |
| 710 2# - ADDED ENTRY--CORPORATE NAME | |
| Corporate name or jurisdiction name as entry element | World Bank. |
| 942 ## - ADDED ENTRY ELEMENTS (KOHA) | |
| Source of classification or shelving scheme | Dewey Decimal Classification |
| Koha item type | Books |
| Source of classification or shelving scheme | Damaged status | Not for loan | Home library | Current library | Shelving location | Total Checkouts | Full call number | Barcode | Date last seen | Copy number | Koha item type |
|---|---|---|---|---|---|---|---|---|---|---|---|
| Dewey Decimal Classification | JCC Rouf Library | JCC Rouf Library | General Stacks | 339.2/09172/4 | 11348 | 02/27/2018 | C - 1 | Books |